|
LDR
| 01195nam a2200373 i 4500 |
|---|
| 001 | 52373 |
|---|
| 003 | CZ-PrJAB |
|---|
| 005 | 20151127151337.0 |
|---|
| 007 | ta |
|---|
| 008 | 151105s2015 xr g 000 f cze |
|---|
| 015 | | . |
‡acnb002751140 |
|---|
| 020 | | . |
‡a978-80-7438-126-3
‡q(vázáno) |
|---|
| 035 | | . |
‡a(CZ PrNK)nkc20152751140 |
|---|
| 035 | | . |
‡a(OCoLC)932001148 |
|---|
| 040 | | . |
‡aOLA001
‡bcze
‡dABA001
‡erda |
|---|
| 041 | 1 | . |
‡acze
‡hdut |
|---|
| 072 | | 7. |
‡a821.11
‡xGermánské literatury
‡2Konspekt
‡925 |
|---|
| 080 | | . |
‡a821.112.5-31
‡2MRF |
|---|
| 080 | | . |
‡a(0:82-31)
‡2MRF |
|---|
| 100 | 1 | . |
‡aGrunberg, Arnon,
‡d1971-
‡7jn20000602659
‡4aut |
|---|
| 240 | 1 | 0. |
‡aGstaad.
‡lČesky |
|---|
| 245 | 1 | 0. |
‡aGstaad /
‡cArnon Grunberg ; přeložila Veronika ter Harmsel Havlíková |
|---|
| 250 | | . |
‡aVydání první |
|---|
| 264 | | 1. |
‡aPraha :
‡bDybbuk,
‡c2015 |
|---|
| 300 | | . |
‡a325 stran ;
‡c21 cm |
|---|
| 336 | | . |
‡atext
‡btxt
‡2rdacontent |
|---|
| 337 | | . |
‡abez média
‡bn
‡2rdamedia |
|---|
| 338 | | . |
‡asvazek
‡bnc
‡2rdacarrier |
|---|
| 500 | | . |
‡aPřeloženo z nizozemštiny |
|---|
| 655 | | 7. |
‡anizozemské romány
‡7fd132907
‡2czenas |
|---|
| 655 | | 9. |
‡aDutch fiction
‡2eczenas |
|---|
| 700 | 1 | . |
‡aHarmsel Havlíková, Veronika ter,
‡d1972-
‡7ola2003209127
‡4trl
‡4aft |
|---|
| 910 | | . |
‡aABE461 |
|---|
| 995 | | . |
‡aska |
|---|
| 901 | | . |
‡a52373
‡bAUTOGEN
‡c52373
‡tbiblio |
|---|